Statistiche per Elenca la formazione - Quiz n°140

Clicka qui per fare il quiz!

Statistiche generali

  • Questo quiz è stato fatto 14 volte
  • Il punteggio medio è 8 su 11

Statistiche sulle risposte

RuoloNazioneCalciatore% Corretto
DifensoreUruguayDiego Godín
100%
PortiereBelgioThibaut Courtois
100%
DifensoreBrasileFilipe Luís
92%
DifensoreSpagnaJuanfran
92%
CentrocampistaSpagnaKoke
92%
DifensoreBrasileMiranda
85%
AttaccanteSpagnaDavid Villa
77%
AttaccanteSpagnaDiego Costa
69%
CentrocampistaSpagnaGabi
69%
CentrocampistaPortogalloTiago
38%
CentrocampistaSpagnaRaúl García
23%

Distribuzione punteggi

Percentile per numero di risposta

Percentuale di utenti per punteggio

I tuoi punteggi nel tempo

Non hai fatto questo quiz